О ленинградских математиках, погибших в 1941-1944 годах (Запись № 11454125)

Подробности
000 -МАРКЕР
контрольное поле 03085nam0a2200433 i 4500
001 - ИДЕНТИФИКАТОР ЗАПИСИ
контрольное поле RU\NLR\BIBL_A\012327384
005 - ИДЕНТИФИКАТОР ВЕРСИИ
контрольное поле 20241114173447.0
010 ## - МЕЖДУНАРОДНЫЙ СТАНДАРТНЫЙ НОМЕР КНИГИ (ISBN)
Номер (ISBN) 9785876616135
Тираж 100
035 ## - ДРУГИЕ СИСТЕМНЫЕ НОМЕРА
Идентификатор записи (NLR Aleph) 012327384
100 ## - ДАННЫЕ ОБЩЕЙ ОБРАБОТКИ
Данные общей обработки 20200907d2020 km y0rusy50 ca
101 0# - ЯЗЫК РЕСУРСА
Язык текста, звукозаписи и т.д. русский
102 ## - СТРАНА ПУБЛИКАЦИИ ИЛИ ПРОИЗВОДСТВА
Страна публикации Российская Федерация
105 ## - ПОЛЕ КОДИРОВАННЫХ ДАННЫХ: ТЕКСТОВЫЕ МАТЕРИАЛЫ, МОНОГРАФИЧЕСКИЕ
Кодированные данные о монографическом текстовом документе ac||z|||100zd
181 #0 - ПОЛЕ КОДИРОВАННЫХ ДАННЫХ: ВИД СОДЕРЖАНИЯ
Код вида содержания (ISBD) i
Код характеристики содержания (ISBD) axxe
182 #0 - ПОЛЕ КОДИРОВАННЫХ ДАННЫХ: ТИП СРЕДСТВА
Код типа средства (ISBD) n - непосредственное
200 1# - ЗАГЛАВИЕ И СВЕДЕНИЯ ОБ ОТВЕТСТВЕННОСТИ
Основное заглавие О ленинградских математиках, погибших в 1941-1944 годах
Сведения, относящиеся к заглавию [выступления на Санкт-петербургском математическом семинаре по истории математики Петербургского отделения математического института РАН (ПОМИ) и конференции "Герценовские чтения - 2020"]
Первые сведения об ответственности В.П. Одинец
Последующие сведения об ответственности Министерство науки и высшего образования Российской Федерации, Федеральное государственное бюджетное образовательное учреждение высшего образования "Сыктывкарский государственный университет имени Питирима Сорокина" (ФГБОУ ВО "СГУ им. Питирима Сорокина")
203 ## - ВИД СОДЕРЖАНИЯ И ТИП СРЕДСТВА
Вид содержания Текст
Дополнительные сведения об издании визуальный
Тип средства непосредственный
210 ## - ПУБЛИКАЦИЯ, РАСПРОСТРАНЕНИЕ И ДР.
Место издания, распространения и т.д. Сыктывкар
Имя издателя, распространителя и т. д. Изд-во СГУ им. Питирима Сорокина
Дата издания, распространения и т.д. 2020
215 ## - ФИЗИЧЕСКАЯ ХАРАКТЕРИСТИКА
Специфическое обозначение материала и объем 121 с.
Другие сведения о физической характеристике ил., цв. ил., портр.
Размеры 22
300 ## - ОБЩИЕ ПРИМЕЧАНИЯ
Текст примечания На 4-й с. обл. авт.: В.П. Одинец - д.ф.-м.н., проф.
320 ## - ПРИМЕЧАНИЯ О НАЛИЧИИ В ДОКУМЕНТЕ БИБЛИОГРАФИИ / УКАЗАТЕЛЯ
Текст примечания Библиогр. в конце частей и в подстроч. примеч.
320 ## - ПРИМЕЧАНИЯ О НАЛИЧИИ В ДОКУМЕНТЕ БИБЛИОГРАФИИ / УКАЗАТЕЛЯ
Текст примечания Предм. указ.: с. 110-111
320 ## - ПРИМЕЧАНИЯ О НАЛИЧИИ В ДОКУМЕНТЕ БИБЛИОГРАФИИ / УКАЗАТЕЛЯ
Текст примечания Имен. указ.: с. 112-121
606 ## - НАИМЕНОВАНИЕ ТЕМЫ КАК ПРЕДМЕТ
Наименование темы Математики
Формальный подзаголовок Биографии
Географический подзаголовок Ленинград, город
Системный номер авторитетной/нормативной записи 2450534
Идентификатор авторитетной/нормативной записи RU\NLR\AUTH\6601674667
606 1# - НАИМЕНОВАНИЕ ТЕМЫ КАК ПРЕДМЕТ
Наименование темы Блокада Ленинграда
Тематический подзаголовок Людские потери
Хронологический подзаголовок 1941 - 1944
Системный номер авторитетной/нормативной записи 2104900
Идентификатор авторитетной/нормативной записи RU\NLR\AUTH\661272618
606 ## - НАИМЕНОВАНИЕ ТЕМЫ КАК ПРЕДМЕТ
Наименование темы Великая Отечественная война
Тематический подзаголовок Людские потери
Хронологический подзаголовок 1941 - 1945
Системный номер авторитетной/нормативной записи 2081706
Идентификатор авторитетной/нормативной записи RU\NLR\AUTH\661257700
686 1# - ИНДЕКСЫ ДРУГИХ КЛАССИФИКАЦИЙ
Индекс В1д(2)
686 1# - ИНДЕКСЫ ДРУГИХ КЛАССИФИКАЦИЙ
Индекс Ц35(2)722.11(2Р-4Ле-2Ленинград)-81
686 1# - ИНДЕКСЫ ДРУГИХ КЛАССИФИКАЦИЙ
Индекс Т3(2)722.721
700 #1 - ИМЯ ЛИЦА - ПЕРВИЧНАЯ ОТВЕТСТВЕННОСТЬ
Начальный элемент ввода Одинец
Часть имени, кроме начального элемента ввода В. П.
Даты 1945-
Расширение инициалов личного имени Владимир Петрович
711 02 - НАИМЕНОВАНИЕ ОРГАНИЗАЦИИ - АЛЬТЕРНАТИВНАЯ ОТВЕТСТВЕННОСТЬ
Начальный элемент ввода Математический институт им. В. А. Стеклова
Структурное подразделение Санкт-Петербургское отделение
-- Семинар по истории математики
Идентифицирующий признак Москва
Дата проведения временной организации 2020
Системный номер авторитетной/нормативной записи 712408
Идентификатор авторитетной/нормативной записи RU\NLR\AUTH\880525441
711 12 - НАИМЕНОВАНИЕ ОРГАНИЗАЦИИ - АЛЬТЕРНАТИВНАЯ ОТВЕТСТВЕННОСТЬ
Начальный элемент ввода Герценовские чтения
Место проведения временной организации Санкт-Петербург
Дата проведения временной организации 2020
Системный номер авторитетной/нормативной записи 760960
Идентификатор авторитетной/нормативной записи RU\NLR\AUTH\880547897
942 ## - ДОПОЛНИТЕЛЬНЫЕ ЭЛЕМЕНТЫ ЗАПИСИ (АБИС)
Тип экземпляра АБИС Книга
980 ## - КОЛЛЕКЦИЯ
Название коллекции НБР

Нет доступных экземпляров.